Stanford Journal of International Law

Bibliographic Details
Format: eBook
Language:English
Published: Stanford: Stanford Law School, 2006 -
Subjects:
Online Access:Acceso restringido

MARC

LEADER 00000nam a22000007a 4500
005 20190926131057.0
007 cr|||| ||||
008 190926c20069999us fr|w s|||| 0|||b1eng d
022 |a 0731-5082 
035 |a 5596 
040 |a vLex 
090 |c 9643  |d 9643 
245 0 0 |a Stanford Journal of International Law  |h [Recurso electrn̤ico] / 
256 |a Servicio en ln̕ea 
260 |a Stanford:  |b Stanford Law School,  |c 2006 - 
300 |a 1 recurso electrn̤ico 
310 |a Semestral 
506 1 |a Disponible solo en los productos indicados  |d vLex Global  |d vLex Global (Academic Edition, excluding Law Schools)  |d vLex Global (Academic Edition, Law Schools) 
650 0 4 |a Derecho Internacional  |z Estados Unidos 
740 0 |a vLex Revistas (Servicio en ln̕ea) 
856 4 0 |u http://vlex.com/source/stanford-journal-international-law-5596  |z Acceso restringido 
942 |c REV 
999 0 |a International right